English Words to Know: F - Statistics

General Stats
  • This quiz has been taken 63 times
    55 since last reset
  • The average score is 52 of 141
Answer Stats
Answer % Correct
for
100%
far
94%
fat
94%
fee
94%
from
83%
face
78%
fade
78%
fair
78%
fast
78%
find
78%
free
78%
fun
78%
fail
72%
fall
72%
fan
72%
fear
72%
feel
72%
five
72%
fly
72%
four
72%
fact
67%
fire
67%
food
67%
form
67%
few
61%
fill
61%
fine
61%
first
61%
fit
61%
fund
61%
fate
56%
fight
56%
flight
56%
foot
56%
found
56%
funny
56%
family
50%
feeling
50%
file
50%
fix
50%
flow
50%
friend
50%
factor
44%
fashion
44%
father
44%
feed
44%
film
44%
final
44%
finger
44%
fish
44%
flame
44%
flee
44%
forest
44%
freedom
44%
fresh
44%
fuel
44%
fence
39%
former
39%
freeze
39%
friendly
39%
full
39%
factory
33%
failure
33%
faith
33%
false
33%
farm
33%
favor
33%
fifth
33%
fifty
33%
firm
33%
flat
33%
floor
33%
formal
33%
frame
33%
front
33%
future
33%
famous
28%
fault
28%
favorite
28%
fifteen
28%
finally
28%
finding
28%
folk
28%
force
28%
forget
28%
forth
28%
foundation
28%
founder
28%
fruit
28%
fairly
22%
fantasy
22%
feature
22%
fewer
22%
field
22%
fighter
22%
finance
22%
financial
22%
finish
22%
fishing
22%
flag
22%
flavor
22%
focus
22%
fourth
22%
fabric
17%
federal
17%
female
17%
flower
17%
follow
17%
football
17%
foreign
17%
forever
17%
formation
17%
forward
17%
funding
17%
faculty
11%
farmer
11%
fiber
11%
fiction
11%
figure
11%
float
11%
frustration
11%
fully
11%
funeral
11%
furniture
11%
familiar
6%
fellow
6%
fighting
6%
fitness
6%
flesh
6%
formula
6%
fortune
6%
frequent
6%
friendship
6%
function
6%
fundamental
6%
furthermore
6%
facility
0%
following
0%
framework
0%
frequency
0%
frequently
0%
No matching quizzes found
Score Distribution
Percent of People with Each Score
Percentile by Number Answered
Your Score History
You have not taken this quiz since the last reset